[Event "Tata Steel India Blitz"]
[Site "Kolkata IND"]
[Date "2019.11.26"]
[Round "13"]
[White "Nakamura, Hikaru"]
[Black "Ding, Liren"]
[Result "1/2-1/2"]
[WhiteElo "2741"]
[BlackElo "2801"]
[PlyCount "162"]
[EventDate "2019.11.25"]

1. d4 Nf6 2. c4 e6 3. Nc3 Bb4 4. Qc2 O-O 5. a3 Bxc3+ 6. Qxc3 d5 7. e3 b6 8.
cxd5 Nxd5 9. Qc2 Bb7 10. e4 Nf6 11. e5 Nd5 12. Nf3 c5 13. Bd3 h6 14. O-O cxd4
15. Qe2 Ne7 16. Rd1 Qd5 17. Bc4 Qe4 18. Qxe4 Bxe4 19. Nxd4 Nbc6 20. Re1 Nxd4
21. Rxe4 Rfd8 22. Bf4 Rac8 23. Bf1 Nb3 24. Rae1 Nd2 25. R4e2 Nxf1 26. Kxf1 Nf5
27. Rd2 g5 28. Rxd8+ Rxd8 29. Bc1 Kg7 30. h3 Kg6 31. f3 h5 32. g4 Nh4 33. Kf2
Rd3 34. Be3 Rd5 35. Bc1 Rc5 36. Be3 Rxe5 37. Rc1 Rb5 38. b4 a5 39. Rc4 hxg4 40.
hxg4 axb4 41. axb4 f5 42. Rc6 f4 43. Bd2 Kf7 44. Bc3 Rd5 45. Ke2 b5 46. Rc7+
Kg6 47. Rg7+ Kh6 48. Re7 Rd6 49. Bg7+ Kg6 50. Be5 Ra6 51. Rg7+ Kh6 52. Re7 Ra2+
53. Kd3 Ra3+ 54. Kc2 Nxf3 55. Rxe6+ Kh7 56. Bf6 Ra2+ 57. Kd3 Rd2+ 58. Kc3 Rd5
59. Re2 Kg6 60. Be7 Ne5 61. Rg2 Rd3+ 62. Kc2 Rg3 63. Rd2 Nxg4 64. Bc5 Ne3+ 65.
Kb1 Nc4 66. Rd8 g4 67. Rg8+ Kf5 68. Rb8 Rb3+ 69. Kc2 Rb2+ 70. Kc3 Re2 71. Rxb5
Ne5 72. Rb8 g3 73. Rg8 g2 74. b5 f3 75. b6 f2 76. Bxf2 Rxf2 77. b7 Nd7 78. Rg7
Rf1 79. Rxg2 Rb1 80. Rb2 Rxb2 81. Kxb2 Ke5 1/2-1/2

[Event "Tata Steel India Blitz"]
[Site "Kolkata IND"]
[Date "2019.11.26"]
[Round "13"]
[White "Vidit, Santosh Gujrathi"]
[Black "Aronian, Levon"]
[Result "1-0"]
[WhiteElo "2722"]
[BlackElo "2772"]
[PlyCount "49"]
[EventDate "2019.11.25"]

1. d4 Nf6 2. c4 c5 3. Nf3 cxd4 4. Nxd4 b6 5. Nc3 Bb7 6. f3 a6 7. e4 e6 8. Be2
Qc7 9. Be3 Bd6 10. g3 Nc6 11. Qd2 Be5 12. Nb3 O-O 13. Na4 b5 14. cxb5 axb5 15.
Bxb5 d5 16. Rc1 Qb8 17. Nbc5 Ne7 18. f4 Bc7 19. O-O Rd8 20. e5 Ne4 21. Qd3 Nf5
22. Nxb7 Nxe3 23. Nxd8 Bxd8 24. Qxe3 Rxa4 25. Bxa4 1-0

[Event "Tata Steel India Blitz"]
[Site "Kolkata IND"]
[Date "2019.11.26"]
[Round "14"]
[White "Harikrishna, Pentala"]
[Black "So, Wesley"]
[Result "0-1"]
[WhiteElo "2731"]
[BlackElo "2760"]
[PlyCount "100"]
[EventDate "2019.11.25"]

1. d4 Nf6 2. c4 e6 3. g3 d5 4. Bg2 dxc4 5. Nf3 c5 6. O-O Nc6 7. dxc5 Qxd1 8.
Rxd1 Bxc5 9. Nbd2 c3 10. bxc3 O-O 11. Nb3 Be7 12. Nfd4 Nxd4 13. cxd4 Nd5 14.
Na5 Bd7 15. Rb1 b6 16. Nc4 Nc3 17. Bxa8 Rxa8 18. Ba3 Bxa3 19. Nxa3 Nxe2+ 20.
Kf1 Nc3 21. Rdc1 Nxb1 22. Nxb1 Rc8 23. Rxc8+ Bxc8 24. Ke2 Kf8 25. Ke3 Ke7 26.
Nc3 Bb7 27. h4 Bc6 28. g4 f6 29. f4 Kd6 30. a3 h6 31. Ne2 Kd5 32. f5 e5 33.
dxe5 Kxe5 34. Nf4 Be8 35. Nd3+ Kd5 36. Nf4+ Ke5 37. Nd3+ Kd6 38. Nf4 Bf7 39.
Kd4 a5 40. Ne2 Bd5 41. Nf4 Bf3 42. Nh5 Bxg4 43. Nxg7 Ke7 44. Ke4 b5 45. Ne6 b4
46. axb4 axb4 47. Nd4 Kd6 48. Kf4 Kd5 49. Ke3 Kc4 50. Nc6 b3 0-1

[Event "Tata Steel India Blitz"]
[Site "Kolkata IND"]
[Date "2019.11.26"]
[Round "14"]
[White "Anand, Viswanathan"]
[Black "Vidit, Santosh Gujrathi"]
[Result "0-1"]
[WhiteElo "2757"]
[BlackElo "2722"]
[PlyCount "88"]
[EventDate "2019.11.25"]

1. e4 e5 2. Nf3 Nc6 3. Bb5 Nf6 4. d3 Bc5 5. c3 d5 6. Nbd2 dxe4 7. dxe4 O-O 8.
O-O a5 9. h3 Qe7 10. a4 Nb8 11. Re1 Rd8 12. Qc2 Nbd7 13. Bf1 Nf8 14. Nb3 Bb6
15. Nfd2 Be6 16. Nc4 Bxc4 17. Bxc4 Ne6 18. g3 h6 19. Kg2 Rd7 20. Nd2 Qc5 21.
Nf3 Qxc4 22. Nxe5 Qc5 23. Nxd7 Nxd7 24. Be3 Qc6 25. Rad1 Bxe3 26. Rxe3 Re8 27.
Qb3 Nb6 28. Qb5 Qxb5 29. axb5 a4 30. Re2 f5 31. e5 g5 32. Kf3 Kf7 33. Kg2 Ke7
34. Red2 Rg8 35. Ra1 Nc5 36. Rad1 Ke6 37. Re2 Ra8 38. h4 g4 39. h5 Ne4 40. f3
gxf3+ 41. Kxf3 Rg8 42. Rg2 Nc4 43. Rd4 Nxe5+ 44. Ke3 Nc5 0-1

[Event "Tata Steel India Blitz"]
[Site "Kolkata IND"]
[Date "2019.11.26"]
[Round "14"]
[White "Ding, Liren"]
[Black "Carlsen, Magnus"]
[Result "1-0"]
[WhiteElo "2801"]
[BlackElo "2870"]
[PlyCount "77"]
[EventDate "2019.11.25"]

1. d4 e6 2. c4 f5 3. g3 Nf6 4. Bg2 d5 5. Nf3 Bd6 6. Bf4 Bxf4 7. gxf4 O-O 8. Nc3
c6 9. e3 b6 10. Ne5 Bb7 11. Rc1 Nbd7 12. Qa4 Nxe5 13. fxe5 Ne4 14. cxd5 cxd5
15. Ne2 Rc8 16. Rxc8 Qxc8 17. f3 Bc6 18. Qb4 Ng5 19. Kd2 Qd7 20. Rc1 Rc8 21.
Nf4 Nf7 22. Bf1 Nd8 23. Ba6 Bb7 24. Bb5 Bc6 25. Ba6 Bb7 26. Rxc8 Bxc8 27. Bxc8
Qxc8 28. Qe7 h6 29. Qe8+ Kh7 30. Ng6 Qc4 31. Nf8+ Kg8 32. Nxe6+ Kh7 33. Nf8+
Kg8 34. Ng6+ Kh7 35. Ne7 Qb4+ 36. Ke2 Qxb2+ 37. Kf1 Qc1+ 38. Kg2 Qd2+ 39. Kh3
1-0

[Event "Tata Steel India Blitz"]
[Site "Kolkata IND"]
[Date "2019.11.26"]
[Round "14"]
[White "Nepomniachtchi, Ian"]
[Black "Nakamura, Hikaru"]
[Result "0-1"]
[WhiteElo "2773"]
[BlackElo "2741"]
[PlyCount "60"]
[EventDate "2019.11.25"]

1. e4 e5 2. Nf3 Nc6 3. Bc4 Bc5 4. O-O Nf6 5. d3 O-O 6. c3 d6 7. h3 h6 8. Re1 a5
9. Nbd2 Ne7 10. Nf1 Ng6 11. Ng3 c6 12. d4 exd4 13. cxd4 Bb4 14. Bd2 d5 15. Bxb4
axb4 16. Bb3 dxe4 17. Nxe4 Nxe4 18. Rxe4 Bf5 19. Re3 Qd6 20. Qe1 Nf4 21. Ne5
Be6 22. Nc4 Qxd4 23. Rd1 Qf6 24. Nb6 Rae8 25. Bxe6 Rxe6 26. Qxb4 Qg5 27. g4
Rxe3 28. fxe3 Nxh3+ 29. Kh2 Nf2 30. Rd4 c5 0-1

[Event "Tata Steel India Blitz"]
[Site "Kolkata IND"]
[Date "2019.11.26"]
[Round "14"]
[White "Aronian, Levon"]
[Black "Giri, Anish"]
[Result "1/2-1/2"]
[WhiteElo "2772"]
[BlackElo "2776"]
[PlyCount "50"]
[EventDate "2019.11.25"]

1. c4 Nf6 2. Nc3 e5 3. Nf3 Nc6 4. g3 d5 5. cxd5 Nxd5 6. Bg2 Bc5 7. O-O O-O 8.
d3 h6 9. Bd2 Nf6 10. Rc1 Re8 11. Nh4 Nd4 12. e3 Nf5 13. Nxf5 Bxf5 14. Bxb7 Rb8
15. Be4 Bxe4 16. Nxe4 Nxe4 17. dxe4 Rxb2 18. Rc2 Rxc2 19. Qxc2 Qd6 20. Rc1 Bb6
21. a4 a5 22. Rb1 Rd8 23. Be1 f6 24. Kg2 Qd3 25. Qxd3 Rxd3 1/2-1/2

[Event "Tata Steel India Blitz"]
[Site "Kolkata IND"]
[Date "2019.11.26"]
[Round "15"]
[White "Ding, Liren"]
[Black "Harikrishna, Pentala"]
[Result "0-1"]
[WhiteElo "2801"]
[BlackElo "2731"]
[PlyCount "192"]
[EventDate "2019.11.25"]

1. d4 d5 2. c4 dxc4 3. e4 Nf6 4. e5 Nd5 5. Bxc4 Nb6 6. Bb3 Nc6 7. Be3 Bf5 8.
Nc3 e6 9. Nf3 Be7 10. O-O O-O 11. h3 Qd7 12. a3 Rad8 13. Qe2 Kh8 14. Rfd1 Bg6
15. Rac1 Bh5 16. g4 Bg6 17. d5 Nxd5 18. Nxd5 exd5 19. Bxd5 Qxd5 20. Rxd5 Rxd5
21. Bf4 Rd3 22. h4 h6 23. h5 Bh7 24. Rd1 Rxd1+ 25. Qxd1 Be4 26. Nd2 Bd5 27. Nf1
Rd8 28. Ne3 Be6 29. Qc2 Rd4 30. Bg3 Bg5 31. Qc3 Bxe3 32. Qxe3 Rxg4 33. Qc5 a6
34. b4 Kg8 35. Qc3 Rc4 36. Qd3 Rd4 37. Qc2 Rd7 38. Kh2 Nd4 39. Qe4 c6 40. a4
Rd5 41. Qf4 Nf5 42. Qe4 Rd1 43. Qe2 Rd4 44. b5 axb5 45. axb5 Bd5 46. b6 Rc4 47.
Qd3 Nd4 48. Qa3 c5 49. Qa8+ Kh7 50. Qd8 Nf3+ 51. Kh3 Rd4 52. Qc7 Ng5+ 53. Kh2
Rd1 54. Bh4 Nf3+ 55. Kg3 Rg1+ 56. Kf4 Nxh4 57. Qxc5 Ng2+ 58. Kg3 Ne3+ 59. Kf4
Ng2+ 60. Kf5 Be6+ 61. Ke4 Re1+ 62. Kf3 Nh4+ 63. Kf4 g5+ 64. hxg6+ Nxg6+ 65. Kg3
Rxe5 66. Qc7 Rg5+ 67. Kh2 Bd5 68. f4 Rf5 69. Qd7 Be4 70. Kg3 Rxf4 71. Qc7 h5
72. Qd7 h4+ 73. Kh2 Kg7 74. Qd4+ Kh6 75. Qe3 f5 76. Qd2 Bc6 77. Qe3 Kh5 78. Qd2
Rg4 79. Qe2 Kg5 80. Qd2+ Kf6 81. Qd8+ Kg7 82. Qc7+ Kh6 83. Qd6 f4 84. Qf6 f3
85. Qd6 Rg2+ 86. Kh3 Rg3+ 87. Kh2 Rg5 88. Qf6 Rg2+ 89. Kh3 Rg3+ 90. Kh2 Rg5 91.
Kh3 f2 92. Kh2 Rg2+ 93. Kh3 Rg3+ 94. Kh2 Rf3 95. Qd6 Rf7 96. Qf4+ Rxf4 0-1

[Event "Tata Steel India Blitz"]
[Site "Kolkata IND"]
[Date "2019.11.26"]
[Round "15"]
[White "Nakamura, Hikaru"]
[Black "Aronian, Levon"]
[Result "1-0"]
[WhiteElo "2741"]
[BlackElo "2772"]
[PlyCount "91"]
[EventDate "2019.11.25"]

1. d4 Nf6 2. c4 e6 3. Nc3 Bb4 4. Qc2 c5 5. dxc5 O-O 6. Nf3 Na6 7. g3 Nxc5 8.
Bg2 Nce4 9. O-O Nxc3 10. bxc3 Be7 11. e4 d6 12. e5 dxe5 13. Nxe5 Qc7 14. Re1
Bd6 15. Qe2 Nd7 16. Bf4 Bxe5 17. Bxe5 Nxe5 18. Qxe5 Qxe5 19. Rxe5 Rb8 20. Ra5
Bd7 21. Rxa7 Bc6 22. Bxc6 bxc6 23. Ra6 Rfd8 24. Rxc6 g6 25. c5 Rb5 26. a4 Ra5
27. Rb6 Rxc5 28. a5 Rxc3 29. a6 Ra8 30. a7 Rcc8 31. Rb7 Kg7 32. Rd1 h5 33. Rdd7
Rf8 34. h4 Kf6 35. Rdc7 e5 36. Kf1 Ke6 37. Re7+ Kf6 38. Rec7 Ke6 39. Re7+ Kf6
40. Kg2 Rac8 41. Red7 Ke6 42. Rd3 f6 43. Rb6+ Ke7 44. Ra3 Ra8 45. Raa6 Rfd8 46.
Re6+ 1-0

[Event "Tata Steel India Blitz"]
[Site "Kolkata IND"]
[Date "2019.11.26"]
[Round "15"]
[White "Giri, Anish"]
[Black "Anand, Viswanathan"]
[Result "1-0"]
[WhiteElo "2776"]
[BlackElo "2757"]
[PlyCount "88"]
[EventDate "2019.11.25"]

1. c4 e5 2. g3 Nf6 3. Bg2 Bc5 4. d3 c6 5. Nf3 d6 6. Nc3 O-O 7. O-O a5 8. b3 Re8
9. e3 Bf5 10. h3 h6 11. Bb2 Bb6 12. Kh2 Nbd7 13. Qd2 Nc5 14. e4 Bd7 15. Ng1 a4
16. b4 a3 17. Bc1 Ne6 18. Nge2 Nd4 19. Rb1 Nxe2 20. Nxe2 d5 21. cxd5 cxd5 22.
exd5 e4 23. Nc3 e3 24. fxe3 Bxe3 25. Qd1 Bd4 26. Ne2 Ba4 27. Qd2 Be3 28. Qe1
Bc2 29. Ra1 Bd4 30. Nxd4 Rxe1 31. Rxe1 Bxd3 32. Re3 Bg6 33. Re5 Qb6 34. Nb3 Rc8
35. Be3 Qxb4 36. Bd2 Qd6 37. Bf4 Kh7 38. Re8 Qd7 39. Rxc8 Qxc8 40. Rc1 Qd8 41.
Be5 Nd7 42. Bd4 Bd3 43. Rc3 Bb1 44. Nd2 Bxa2 1-0

[Event "Tata Steel India Blitz"]
[Site "Kolkata IND"]
[Date "2019.11.26"]
[Round "15"]
[White "Vidit, Santosh Gujrathi"]
[Black "So, Wesley"]
[Result "1/2-1/2"]
[WhiteElo "2722"]
[BlackElo "2760"]
[PlyCount "25"]
[EventDate "2019.11.25"]

1. d4 Nf6 2. c4 e6 3. Nf3 d5 4. e3 Be7 5. b3 O-O 6. Bb2 c5 7. dxc5 dxc4 8. Qxd8
Rxd8 9. Bxc4 Ne4 10. Ke2 Nxc5 11. Nc3 Nc6 12. Rhd1 Bd7 13. Rac1 1/2-1/2

[Event "Tata Steel India Blitz"]
[Site "Kolkata IND"]
[Date "2019.11.26"]
[Round "16"]
[White "So, Wesley"]
[Black "Giri, Anish"]
[Result "1/2-1/2"]
[WhiteElo "2760"]
[BlackElo "2776"]
[PlyCount "43"]
[EventDate "2019.11.25"]

1. d4 Nf6 2. c4 e6 3. Nf3 d5 4. Nc3 c6 5. e3 Nbd7 6. Qc2 Bd6 7. b3 O-O 8. Be2
b6 9. O-O Bb7 10. Bb2 Qe7 11. Rad1 Rad8 12. Rfe1 Rfe8 13. Bf1 c5 14. cxd5 exd5
15. g3 Rc8 16. Qb1 cxd4 17. Nxd4 Bb4 18. Qa1 Ne5 19. Bg2 Qd7 20. a3 Bc5 21.
Nce2 Ne4 22. Nf4 1/2-1/2

[Event "Tata Steel India Blitz"]
[Site "Kolkata IND"]
[Date "2019.11.26"]
[Round "16"]
[White "Harikrishna, Pentala"]
[Black "Vidit, Santosh Gujrathi"]
[Result "1/2-1/2"]
[WhiteElo "2731"]
[BlackElo "2722"]
[PlyCount "68"]
[EventDate "2019.11.25"]

1. d4 Nf6 2. c4 e6 3. g3 c5 4. Nf3 cxd4 5. Nxd4 d5 6. Bg2 e5 7. Nf3 d4 8. O-O
Nc6 9. e3 Be7 10. exd4 exd4 11. Bf4 Be6 12. Ne5 Rc8 13. Nd2 O-O 14. Re1 Nxe5
15. Bxe5 Qd7 16. Ne4 Rxc4 17. b3 Rb4 18. Nxf6+ Bxf6 19. Bxf6 gxf6 20. Qd2 Rb6
21. Be4 Rd8 22. Qf4 Kg7 23. Rac1 Qd6 24. Qxd6 Rdxd6 25. Rc7 d3 26. Rd1 Rd4 27.
f3 f5 28. Bxb7 d2 29. Kf2 a5 30. Bc8 Bxc8 31. Rxc8 a4 32. Rc3 axb3 33. axb3
Rdb4 34. Rxd2 Rxb3 1/2-1/2

[Event "Tata Steel India Blitz"]
[Site "Kolkata IND"]
[Date "2019.11.26"]
[Round "16"]
[White "Aronian, Levon"]
[Black "Carlsen, Magnus"]
[Result "0-1"]
[WhiteElo "2772"]
[BlackElo "2870"]
[PlyCount "57"]
[EventDate "2019.11.25"]

1. c4 g6 2. Nc3 c5 3. g3 Bg7 4. Bg2 Nc6 5. d3 d6 6. Qd2 e5 7. b3 Nge7 8. Bb2
Be6 9. Nd5 Qd7 10. e3 O-O 11. Ne2 Bh3 12. Bxh3 Qxh3 13. Nec3 Rab8 14. O-O-O
Nxd5 15. Nxd5 b5 16. f4 a5 17. Rhf1 a4 18. f5 axb3 19. axb3 bxc4 20. bxc4 Rb3
21. f6 Bh6 22. Kc2 Rfb8 23. Bc3 Qd7 24. Ra1 Nd4+ 25. Bxd4 cxd4 26. Ra2 Qb7 27.
Qc1 Rc3+ 28. Nxc3 Qb3+ 29. Kd2 0-1

[Event "Tata Steel India Blitz"]
[Site "Kolkata IND"]
[Date "2019.11.26"]
[Round "16"]
[White "Nepomniachtchi, Ian"]
[Black "Ding, Liren"]
[Result "0-1"]
[WhiteElo "2773"]
[BlackElo "2801"]
[PlyCount "106"]
[EventDate "2019.11.25"]

1. c4 Nf6 2. Nc3 e5 3. Nf3 Nc6 4. e4 Bb4 5. d3 d6 6. a3 Bc5 7. b4 Bb6 8. Na4
Bd4 9. Rb1 a6 10. Be2 b5 11. Nxd4 Nxd4 12. Nc3 O-O 13. O-O c6 14. Be3 Be6 15.
Re1 Nxe2+ 16. Qxe2 Nd7 17. a4 Qb8 18. h3 h6 19. Rec1 Qb7 20. Qd2 Rfc8 21. Ne2
d5 22. Ng3 Kh7 23. f3 d4 24. Bf2 bxc4 25. dxc4 a5 26. bxa5 Qc7 27. Be1 Nc5 28.
Qd1 Nb7 29. Nf1 Nxa5 30. Bxa5 Qxa5 31. Ra1 Rcb8 32. f4 Rb4 33. f5 Bxc4 34. Nd2
Bd3 35. Ra3 Qa6 36. Qh5 Rb2 37. Nf3 f6 38. Nxe5 fxe5 39. Qg6+ Kh8 40. Rxc6
Rxg2+ 41. Qxg2 Qxc6 42. Rxd3 Rxa4 43. Kh2 Qa6 44. Rd2 Kh7 45. Rc2 Qf6 46. Qg3
Ra1 47. Rg2 Rc1 48. Qb3 Qh4 49. Qf3 Rc3 50. Qg4 Qxg4 51. Rxg4 Re3 52. Kg2 d3
53. Kf2 d2 0-1

[Event "Tata Steel India Blitz"]
[Site "Kolkata IND"]
[Date "2019.11.26"]
[Round "17"]
[White "Nepomniachtchi, Ian"]
[Black "Harikrishna, Pentala"]
[Result "1-0"]
[WhiteElo "2773"]
[BlackElo "2731"]
[PlyCount "87"]
[EventDate "2019.11.25"]

1. c4 Nf6 2. Nc3 e6 3. e4 d5 4. e5 d4 5. exf6 dxc3 6. bxc3 Qxf6 7. d4 b6 8. Be2
Bb7 9. Bf3 Bxf3 10. Nxf3 Bd6 11. Qa4+ c6 12. O-O O-O 13. Rb1 Qf5 14. Be3 h6 15.
Rxb6 axb6 16. Qxa8 Qd3 17. c5 bxc5 18. dxc5 Be7 19. Bd4 Qa6 20. Qxa6 Nxa6 21.
Ne5 Rc8 22. Nd3 f6 23. f4 Rb8 24. Ra1 Kf7 25. a4 Ke8 26. Kf2 Kd7 27. Ke3 Bd8
28. Kd2 Ba5 29. Kc2 Nc7 30. Rb1 Rxb1 31. Kxb1 Nd5 32. Kc2 g5 33. c4 Nxf4 34.
Nxf4 e5 35. Nh5 exd4 36. Nxf6+ Ke6 37. Ne4 g4 38. Kd3 Ke5 39. Nd2 Bc7 40. Nb3
Kf6 41. g3 h5 42. a5 h4 43. a6 Bb8 44. Nxd4 1-0

[Event "Tata Steel India Blitz"]
[Site "Kolkata IND"]
[Date "2019.11.26"]
[Round "17"]
[White "Ding, Liren"]
[Black "Aronian, Levon"]
[Result "1-0"]
[WhiteElo "2801"]
[BlackElo "2772"]
[PlyCount "71"]
[EventDate "2019.11.25"]

1. d4 Nf6 2. c4 c5 3. d5 e5 4. Nc3 d6 5. e4 Nbd7 6. Bd3 Be7 7. Nge2 g6 8. h4 a6
9. a4 b6 10. g3 Rb8 11. f3 Nh5 12. Bh6 Bf8 13. Be3 Be7 14. Kd2 Ng7 15. Bh6 O-O
16. Kc2 f5 17. h5 Nf6 18. hxg6 hxg6 19. Qd2 Rf7 20. Rh2 b5 21. Rah1 b4 22. Bxg7
Nh5 23. Nd1 Bg5 24. f4 exf4 25. gxf4 Qe8 26. exf5 Bxf5 27. fxg5 Bxd3+ 28. Qxd3
Rxg7 29. Ne3 Qxa4+ 30. Kb1 Re8 31. Ng4 Rxe2 32. Rxe2 b3 33. Nf6+ Kf7 34. Nxh5
Qa2+ 35. Kc1 Qa1+ 36. Qb1 1-0

[Event "Tata Steel India Blitz"]
[Site "Kolkata IND"]
[Date "2019.11.26"]
[Round "17"]
[White "Carlsen, Magnus"]
[Black "Anand, Viswanathan"]
[Result "1-0"]
[WhiteElo "2870"]
[BlackElo "2757"]
[PlyCount "101"]
[EventDate "2019.11.25"]

1. d4 Nf6 2. Nf3 d5 3. Bf4 e6 4. e3 Bd6 5. Nbd2 Bxf4 6. exf4 Qd6 7. g3 b6 8. c3
O-O 9. Bd3 Ba6 10. Bxa6 Nxa6 11. Qe2 Nb8 12. Ne5 c5 13. Ndf3 Ne4 14. O-O f6 15.
Ng4 Nc6 16. dxc5 bxc5 17. Rad1 f5 18. Nge5 Rab8 19. c4 Nxe5 20. Nxe5 Rfd8 21.
Rfe1 Qa6 22. f3 Nf6 23. b3 Rbc8 24. Rc1 d4 25. Nd3 Rd6 26. Rc2 Nd7 27. Qg2 Qb6
28. Rce2 a5 29. Rb2 Rb8 30. Qd2 Qc7 31. Qd1 h6 32. Rbe2 Qb6 33. h4 a4 34. Rb2
axb3 35. axb3 Qa7 36. Kh2 Ra6 37. Qe2 Rab6 38. g4 fxg4 39. fxg4 Qc7 40. g5 hxg5
41. hxg5 e5 42. fxe5 Re6 43. Qe4 Rbe8 44. Qd5 Nb6 45. Qxc5 Qd8 46. Rg2 Rf8 47.
Qb5 Rf3 48. Nc5 Rg6 49. e6 Qd6+ 50. Kg1 Rxg5 51. Ne4 1-0

[Event "Tata Steel India Blitz"]
[Site "Kolkata IND"]
[Date "2019.11.26"]
[Round "17"]
[White "Nakamura, Hikaru"]
[Black "So, Wesley"]
[Result "1/2-1/2"]
[WhiteElo "2741"]
[BlackElo "2760"]
[PlyCount "102"]
[EventDate "2019.11.25"]

1. d4 Nf6 2. c4 e6 3. Nc3 Bb4 4. Qc2 O-O 5. a3 Bxc3+ 6. Qxc3 d5 7. e3 b6 8.
cxd5 Nxd5 9. Qc2 Bb7 10. e4 Nf6 11. e5 Nd5 12. Nf3 h6 13. Qe4 Ba6 14. Bxa6 Nxa6
15. Qg4 Kh8 16. Qh3 Kg8 17. Qg4 Kh8 18. O-O Qe7 19. Qh3 Kg8 20. Re1 c5 21. Re4
f5 22. exf6 Rxf6 23. Be3 Raf8 24. Re1 Nxe3 25. R4xe3 Nc7 26. dxc5 Qxc5 27. Ne5
Qb5 28. R3e2 Nd5 29. g3 Rf5 30. Ng6 R8f6 31. Nh4 Rg5 32. Rxe6 Kh7 33. Rxf6 Nxf6
34. Qf1 Qxb2 35. Qd3+ Kg8 36. Ng6 Kh7 37. Ne5+ Kg8 38. Ng6 Kh7 39. Nf8+ Kg8 40.
Qd8 Rf5 41. Ng6+ Kh7 42. Nf8+ Kg8 43. f4 Qc3 44. Ng6+ Kh7 45. Nf8+ Kg8 46. Nd7+
Kh7 47. Nxf6+ Rxf6 48. Re8 Qc5+ 49. Kg2 Qc6+ 50. Kh3 Rd6 51. Qe7 Qd7+ 1/2-1/2

[Event "Tata Steel India Blitz"]
[Site "Kolkata IND"]
[Date "2019.11.26"]
[Round "17"]
[White "Giri, Anish"]
[Black "Vidit, Santosh Gujrathi"]
[Result "1-0"]
[WhiteElo "2776"]
[BlackElo "2722"]
[PlyCount "81"]
[EventDate "2019.11.25"]

1. d4 Nf6 2. c4 e6 3. Nf3 d5 4. g3 Be7 5. Bg2 O-O 6. O-O dxc4 7. Qc2 a6 8. a4
Bd7 9. Qxc4 Bc6 10. Bg5 Bd5 11. Qc2 Be4 12. Qc1 h6 13. Bxf6 Bxf6 14. Rd1 a5 15.
Nbd2 Bxf3 16. Bxf3 c6 17. e3 Na6 18. h4 g6 19. h5 g5 20. Qc4 Qe7 21. Qe2 Nb4
22. Nc4 Rfd8 23. Rd2 Bg7 24. Rad1 Qc7 25. e4 Rac8 26. e5 Nd5 27. Be4 b5 28.
axb5 cxb5 29. Nd6 Rxd6 30. exd6 Qxd6 31. Qxb5 Nb6 32. Qxa5 Rc4 33. Kg2 Bxd4 34.
b3 Rb4 35. Qa3 e5 36. Rc2 Kg7 37. Rc6 Qe7 38. Rdc1 Qf8 39. Rc7 Bxf2 40. Bg6 Be3
41. Rxf7+ 1-0

[Event "Tata Steel India Blitz"]
[Site "Kolkata IND"]
[Date "2019.11.26"]
[Round "18"]
[White "Vidit, Santosh Gujrathi"]
[Black "Nakamura, Hikaru"]
[Result "0-1"]
[WhiteElo "2722"]
[BlackElo "2741"]
[PlyCount "150"]
[EventDate "2019.11.25"]

1. d4 Nf6 2. c4 e6 3. Nf3 d5 4. Nc3 a6 5. cxd5 exd5 6. Bg5 Be7 7. e3 h6 8. Bh4
c6 9. Qc2 Nbd7 10. Bd3 Nh5 11. Bxe7 Qxe7 12. O-O Nhf6 13. e4 dxe4 14. Nxe4 O-O
15. Rfe1 Qd8 16. Nc5 Nd5 17. a3 a5 18. Nxd7 Bxd7 19. Ne5 Be6 20. Rad1 Qf6 21.
Bh7+ Kh8 22. Be4 Rfd8 23. Qc5 Kg8 24. g3 a4 25. Bg2 Bf5 26. Rd2 Qd6 27. Nc4 Qc7
28. Ne3 Nxe3 29. Rxe3 Be6 30. Qc3 Ra5 31. h4 Rb5 32. Qc2 Qb6 33. Bf1 Rb3 34.
Rxb3 Qxb3 35. Qc3 Bd5 36. Be2 Re8 37. Qxb3 Bxb3 38. f3 Kf8 39. Kf2 Ke7 40. Rd3
Kf6 41. Rc3 Ke7 42. Bc4 Bxc4 43. Rxc4 Ra8 44. Rb4 Ra7 45. Ke3 Kd6 46. Rc4 Ra5
47. Kd3 Rb5 48. Kc2 Rb3 49. Rc3 Rb5 50. Rc4 g5 51. Rxa4 Rf5 52. hxg5 hxg5 53.
f4 gxf4 54. gxf4 Rxf4 55. Rb4 Kc7 56. Kd3 f5 57. Rc4 Rf2 58. Kc3 Kd6 59. Rc5
Ke6 60. b4 Rf3+ 61. Kb2 Re3 62. b5 cxb5 63. Rxb5 f4 64. Kc2 f3 65. Kd2 f2 66.
Rb1 Rb3 67. Rf1 Kd5 68. Rxf2 Rb2+ 69. Ke3 Rxf2 70. Kxf2 Kxd4 71. Kf3 b5 72. Ke2
Kc3 73. Kd1 Kb2 74. Kd2 Kxa3 75. Kc1 Ka2 0-1

[Event "Tata Steel India Blitz"]
[Site "Kolkata IND"]
[Date "2019.11.26"]
[Round "18"]
[White "So, Wesley"]
[Black "Carlsen, Magnus"]
[Result "1/2-1/2"]
[WhiteElo "2760"]
[BlackElo "2870"]
[PlyCount "59"]
[EventDate "2019.11.25"]

1. d4 Nf6 2. c4 c5 3. d5 g6 4. Nc3 Bg7 5. e4 d6 6. Nf3 O-O 7. h3 e6 8. Bd3 Nbd7
9. O-O e5 10. a3 h6 11. b4 Nh7 12. Qc2 b6 13. Rb1 Ndf6 14. bxc5 bxc5 15. Re1
Nh5 16. Bf1 Ng5 17. Nxg5 hxg5 18. g3 g4 19. hxg4 Bxg4 20. Be2 Bd7 21. Qd1 Nf4
22. gxf4 exf4 23. Qd3 Qh4 24. Nb5 Be5 25. Qf3 Kg7 26. Rb3 Rh8 27. Bd1 Rh6 28.
Kf1 Rah8 29. Nxd6 Bxd6 30. Bb2+ 1/2-1/2

[Event "Tata Steel India Blitz"]
[Site "Kolkata IND"]
[Date "2019.11.26"]
[Round "18"]
[White "Harikrishna, Pentala"]
[Black "Giri, Anish"]
[Result "1/2-1/2"]
[WhiteElo "2731"]
[BlackElo "2776"]
[PlyCount "115"]
[EventDate "2019.11.25"]

1. d4 Nf6 2. c4 e6 3. Nc3 Bb4 4. Qc2 d5 5. Nf3 dxc4 6. Qa4+ Nc6 7. e3 Bd7 8.
Bxc4 Nxd4 9. Qd1 Nxf3+ 10. Qxf3 Bc6 11. Qe2 O-O 12. O-O Qe7 13. a3 Bxc3 14.
bxc3 Ne4 15. Bb2 Nc5 16. a4 Nxa4 17. Ba3 Nc5 18. Bb5 Bxb5 19. Qxb5 b6 20. Bxc5
Qxc5 21. Qxc5 bxc5 22. Ra5 Rfb8 23. h3 Kf8 24. Rfa1 Rb7 25. Rxc5 a6 26. Rca5
Rb6 27. c4 Ke7 28. c5 Rc6 29. g4 Rb8 30. Rxa6 Rxc5 31. R6a5 Rbb5 32. Rxb5 Rxb5
33. Ra7 Kd6 34. Kg2 h5 35. Kg3 hxg4 36. hxg4 g5 37. Kf3 Rc5 38. Ra8 Ke5 39. Rf8
Kf6 40. Rc8 Rc4 41. Ke2 Rc2+ 42. Kf3 Ke5 43. Rg8 f6 44. Kg3 Rc3 45. Kf3 c5 46.
Rc8 Rc2 47. Kg3 c4 48. Kf3 c3 49. Rc4 Kd5 50. Rc8 e5 51. Rc7 e4+ 52. Kg2 Rc1
53. Rc8 Kd6 54. Rc4 Kd5 55. Rc8 Ke5 56. Rc5+ Ke6 57. Rc6+ Ke5 58. Rc5+ 1/2-1/2

[Event "GCT London Finals 2019"]
[Site "London ENG"]
[Date "2019.12.02"]
[Round "1"]
[White "Aronian, Levon"]
[Black "Ding, Liren"]
[Result "1/2-1/2"]
[WhiteElo "2775"]
[BlackElo "2801"]
[PlyCount "56"]
[EventDate "2019.12.02"]

1. d4 Nf6 2. c4 e6 3. Nf3 d5 4. Nc3 c5 5. cxd5 Nxd5 6. g3 Nxc3 7. bxc3 cxd4 8.
cxd4 Bb4+ 9. Bd2 Bxd2+ 10. Qxd2 b6 11. Bg2 Bb7 12. O-O O-O 13. Rfc1 Nd7 14. Qd3
Nf6 15. Ne5 Bxg2 16. Kxg2 Qd5+ 17. f3 Rac8 18. e4 Qb7 19. Qa3 h5 20. h4 Rfd8
21. Rxc8 Rxc8 22. Rc1 Rc7 23. Rc3 Qc8 24. Qxa7 Rxc3 25. Qxf7+ Kh7 26. Qg6+ Kg8
27. Qf7+ Kh7 28. Qg6+ Kg8 1/2-1/2

[Event "GCT London Finals 2019"]
[Site "London ENG"]
[Date "2019.12.03"]
[Round "2"]
[White "Vachier-Lagrave, Maxime"]
[Black "Carlsen, Magnus"]
[Result "1/2-1/2"]
[WhiteElo "2780"]
[BlackElo "2872"]
[PlyCount "86"]
[EventDate "2019.12.02"]

1. e4 e5 2. Nf3 Nc6 3. Bb5 a6 4. Ba4 Nf6 5. O-O Nxe4 6. d4 Be7 7. Re1 b5 8.
Rxe4 d5 9. Nxe5 Nxe5 10. Rxe5 bxa4 11. b3 O-O 12. Ba3 Bxa3 13. Nxa3 Re8 14.
Rxe8+ Qxe8 15. Qd2 Bf5 16. Re1 Qc6 17. c4 axb3 18. axb3 h6 19. cxd5 Qxd5 20.
Nc4 Be6 21. Re5 Qd7 22. d5 Rd8 23. dxe6 Qxd2 24. Nxd2 Rxd2 25. g3 fxe6 26. Rxe6
Ra2 27. Rc6 Ra3 28. Rxc7 Rxb3 29. Ra7 Ra3 30. g4 h5 31. gxh5 Kh7 32. Kg2 Ra5
33. f4 Ra3 34. Ra8 a5 35. Ra6 a4 36. f5 Rb3 37. Rxa4 Rb5 38. Rf4 Kh6 39. f6
gxf6 40. Rxf6+ Kxh5 41. h4 Rb2+ 42. Rf2 Rxf2+ 43. Kxf2 Kxh4 1/2-1/2

[Event "GCT London Finals 2019"]
[Site "London ENG"]
[Date "2019.12.03"]
[Round "2"]
[White "Ding, Liren"]
[Black "Aronian, Levon"]
[Result "1/2-1/2"]
[WhiteElo "2801"]
[BlackElo "2775"]
[PlyCount "56"]
[EventDate "2019.12.02"]

1. d4 Nf6 2. c4 e6 3. Nc3 Bb4 4. e3 O-O 5. Nf3 c5 6. Bd3 cxd4 7. exd4 d5 8.
cxd5 exd5 9. O-O Bg4 10. h3 Bh5 11. g4 Bg6 12. Ne2 Nc6 13. Bg5 Re8 14. Bxg6
hxg6 15. Rc1 Qd7 16. Bxf6 gxf6 17. Qd3 Re4 18. Ng3 Re7 19. a3 Bd6 20. Rfe1
Rxe1+ 21. Rxe1 Kg7 22. Kg2 Nd8 23. Ne2 Ne6 24. Nd2 Rh8 25. Rh1 Rh4 26. Nf3 Rh8
27. Nd2 Rh4 28. Nf3 Rh8 1/2-1/2